000 01390nam0a22003131 4500
001 rc\2182813
005 20110826153839.6
035 _a(NLR Aleph) 006526479
090 _a6486857
_c6486857
100 _a20110826d1979 |||y0rusy50 ca
101 0 _arus
102 _aRU
105 _ay c |||||
200 1 _aКомплексный подход к изучению политической экономии на технических факультетах ЛТА
_eМетод. указ. для студентов и преподавателей
_fЛенингр. лесотехн. акад. им. С.М. Кирова
_g[М.В. Васильева, Н.М. Хитрова, Д.И. Балибалова и др.]
210 _aЛенинград
_cЛТА
_d1979
215 _a52 с.
_d21
606 _aПолитическая экономия
_xМетодика преподавания
_2psbo
686 _aУ011р(2)3-3,0
_2rubbk
701 1 _aБалибалова
_bД. И.
701 1 _aВасильева
_bМ. В.
701 1 _aХитрова
_bН. М.
712 0 2 _aЛенинградская лесотехническая академия им. С. М. Кирова
_3RU\NLR\AUTH\8810851
801 0 _aRU
_bNLR
_gpsbo
801 1 _aRU
_bELAR
_2rusmarc
852 _aNLR
_j79-6/2026
899 _aRuMoRGB
_jB 79-30/2313
899 _aRuMoRGB
_jB 79-30/2314
942 _cBOOK
980 _aNB